000 00363nam a2200145Ia 4500
005 20250508051730.0
008 240331s9999 xx 000 0 und d
082 _bMAH
_a891
100 _aMahendran, K
245 0 _aManitha soroopangal
260 _aThellippalai
_bKugan Achagam
_c1982
300 _a71 p .,
500 _aA Collection of Short Stories
942 _cL
999 _c4374
_d4374